| 000 | 00715nam a22002297a 4500 | ||
|---|---|---|---|
| 001 | 129942 | ||
| 003 | ES-SlBCS | ||
| 005 | 20260615092516.0 | ||
| 008 | 260615b ||||| |||| 00| 0 spa d | ||
| 017 |
_aS 171-2026 _bSalamanca |
||
| 020 | _a978-84-301-2300-1 | ||
| 040 |
_aES-SlBCS _bspa _dES-SlBCS |
||
| 100 | 1 |
_aPorfirio _943106 |
|
| 245 | 1 |
_aSentencias. _bEdición bilingüe _cPorfirio |
|
| 260 |
_aSalamanca _bEdiciones Sígueme _c2026 |
||
| 300 |
_a236 p., _btapa blanda _c21 cm |
||
| 490 | 0 |
_aHermeneia _v150 |
|
| 500 | _aIntroducción, traducción y notas de José María Zamora Calvo | ||
| 650 | 0 |
_aFilosofía _vPorfirio _9429717 |
|
| 700 | 1 |
_aJosé María Zamora Calvo _etrad. _9429718 |
|
| 942 |
_2lcc _cBK |
||
| 999 |
_c904934 _d904934 |
||